1148 1119 1759 1241 1497 1596 1017 1559 1313 1177 1421 1753 1841 1887 1422 1091 1811 1306 1519 1397 1304 1936 1257 1854 1006 1527 1966 1919 1815 1966 1204 1809 1268 1583 1661 1803 1975 1287 1232 1802 1171 1666 1609 1943 1388 1661 1965 1607 1584 1019 1171 1210 1560 1376 1639 1029 1507 1948 1279 1540 1798 1260 1671 1996 1057 1500 1837 1373 1207 1188 1929 1656 1913 1552 1494 1860 1293 1054 1987 1219 1065 1272 1429 1298 1395 1482 1704 1759 1742 1809 1403 1528 1788 1662 1634 1819 1601 1602 1737 BCNSPRNW ULIB Ver.6.0+V

เปลี่ยนเป็นภาษาไทย

Change to English
 แสดงรายละเอียดบรรณานุกรม
  กลับหน้าหลัก

Brief Record : Get Marc (ISO 2709) : E-mail record : QR code < ปิดหน้าต่าง
LEADER : 00000nam 2200000uu 4500
001    13399121256
003     ULIB
008    121113s2555||||th 000 0 tha d
020    ^aa 9789747528435
050 04 H62^bบ418ก
100 0  ^aบุญใจ ศรีสถิตย์นรากูร
245 1  ^aการพัฒนาและตรวจสอบคุณภาพเครื่องมือวิจัย = ^bDevelopment and validation of research instruments : paychometric properties /^cบุญใจ ศรีสถิตย์นรากูร
246 3  ^aDevelopment and validation of research instruments : paychometric properties
260    ^aกรุงเทพฯ : ^bจุฬาลงกรณ์มหาวิทยาลัย, ^c2555
300    ^a463 หน้า ; ^c26 ซม.
650  7 ^aเครื่องมือวิจัย
650  7 ^aวิจัย ^xเครื่องมือ
945    ^p370^l0^i033030
945    ^p370^l0^i033031
995    ทศพร
999    ^aทศพร
รายการนี้ยังไม่มีแท็ก
คุณยังไม่ได้ล็อกอิน คุณสามารถมีกิจกรรมร่วมกับเว็บไซต์ได้ แต่ต้องล็อกอินก่อน ::
  ล็อกอิน

รายการสื่อสารสนเทศ

ลำดับที่ ประเภท เลขเรียก/บาร์โค้ด สถานที่ สถานะ
1. วิทยาศาสตร์การแพทย์ และสุขภาพ
หนังสือสำรอง
สถานะ=หนังสือสำรอง
H62 บ418ก ฉ.1 
  Barcode: 033030
ห้องสมุดวิทยาเขตสวรรค์ประชารักษ์
►หนังสือทั่วไป
บนชั้น
2. วิทยาศาสตร์การแพทย์ และสุขภาพ
วิทยาศาสตร์การแพทย์ และสุขภาพ
H62 บ418ก ฉ.2 
  Barcode: 033031
ห้องสมุดวิทยาเขตสวรรค์ประชารักษ์
►หนังสือทั่วไป
บนชั้น

รายการใกล้เคียง
    ผู้แต่ง [บุญใจ ศรีสถิตย์นรากูร]

    หัวเรื่อง [เครื่องมือวิจัย]

BibComment


ยังไม่เคยถูกคอมเมนท์

คอมเมนท์ทรัพยากรรายการนี้
  คอมเมนท์: การพัฒนาและตรวจส..


 Copyright 2026. Bcnsprnw @Library